000 00740cam a22002537a 4500
003 CHAP
005 20220329135631.0
008 971013s r 00010 d
010 _a39672
011 _a40644
035 _a44770
040 _cCHAP
090 _aR-1530
100 0 0 _aMoore, Harold E., Jr.
_978071
245 1 4 _aThe major groups of palms and their distribution
260 _aNew York :
_bL.H. Bailey Hortorium,
_c(s.a.)
500 _aSobretiro de: Gentes Herbarium 11(2):27-141, 1973
590 _aBATCH-UPD
_b10
_c20130110
_lUCH01
_h1425
590 _aCONVERSION
_b10
_c20130109
_lUCH01
_h1322
650 1 4 _aPalmas.
_984969
901 _aBK
942 _cREIMP
949 _aR-1530
_bBC
_cR
_d-102556
_eTS1
_i44770
_si
_t105.00
999 _c39672
_d39672